[Event "41st URS-ch"]
[Site "Moscow URS"]
[Date "1973.10.03"]
[Round "2"]
[White "Spassky, Boris"]
[Black "Averkin, Orest"]
[Result "1-0"]
[WhiteElo "2655"]
[BlackElo "2460"]
[EventDate "1973.10.02"]
[PlyCount "69"]

1.e4 c5 2.Nf3 Nc6 3.d4 cxd4 4.Nxd4 e6 5.Nb5 d6 6.c4 Nf6 7.N1c3 a6 8.Na3 
Be7 9.Be2 O-O 10.O-O Bd7 
    ( 10...b6 $142 11.Be3 Bb7 12.Qb3 Nd7 13.Rfd1 Nc5 14.Qc2 Qc7 $10 {
    Yudasin,L-Lautier,J/Pamplona/1993/0:1 (39)/} )
11.Be3 Rb8 
    ( 11...b6 12.f3 Qb8 13.Qe1 Ra7 14.Qf2 Rb7 15.Rfd1 $14 {
    Matulovic,M-Schmidt, W/Vrnjacka Banja/1983/} )
12.Rc1 
    ( 12.f4 Qa5 13.Nc2 b5 14.cxb5 axb5 15.a3 $14 {Boleslavsky/} )
12...Qa5 13.f4 Rfd8 14.Qd2 Be8 15.Rfd1 Nb4 
    ( 15...Nd7 $5 16.Qe1 Nc5 {/\ Bf6/} )
16.Qe1 b5 17.Kh1 Rdc8 
    ( 17...bxc4 18.Nxc4 Qc7 19.a3 Nc6 20.Qg1 $16 )
18.cxb5 axb5 19.e5 $1 dxe5 20.fxe5 Nd7 $6 
    ( 20...Nfd5 $142 21.Nxd5 exd5 22.Rxc8 Rxc8 23.Rxd5 Qc7 $44 )
    ( 20...Rxc3 $5 21.bxc3 Qxa3 22.exf6 Bxf6 23.cxb4 Qxe3 $13 )
21.Naxb5 Nxe5 22.Bf4 Ned3 $8 
    ( 22...Bf6 $2 23.Qg3 $18 )
23.Bxd3 Nxd3 24.Rxd3 Bxb5 25.Rg3 $1 $16 Rb6 
    ( 25...Ra8 26.Qe5 g6 27.Bh6 Bf8 28.Bxf8 $18 )
26.Bc7 $1 Rxc7 27.Qe5 g6 28.Qxc7 Bh4 29.Rf3 Be8 30.Rxf7 $1 $18 Bxf7 31.Rf1
Be8 $8 32.Qc8 Kg7 33.Qxe8 Bf6 
    ( 33...Qc5 34.Rf7+ Kh6 35.Qh8 $18 )
34.Ne4 e5 35.Nxf6 
    ( 35.Nxf6 Rxf6 36.Qe7+ )
1-0

[Event "41st URS-ch"]
[Site "Moscow URS"]
[Date "1973.10.03"]
[Round "2"]
[White "Tal, Mikhail"]
[Black "Tukmakov, Vladimir"]
[Result "1/2-1/2"]
[WhiteElo "2660"]
[BlackElo "2545"]
[EventDate "1973.10.02"]
[PlyCount "78"]

1.e4 e5 2.Nf3 Nc6 3.Bb5 a6 4.Ba4 Nf6 5.O-O Be7 6.Re1 b5 7.Bb3 d6 8.c3 O-O 
9.h3 Nb8 10.d4 Nbd7 11.Nbd2 Bb7 12.Bc2 Re8 13.b4 Bf8 14.a4 a5 15.bxa5 
    ( 15.d5 $1 $14 axb4 
        ( 15...c6 $6 16.dxc6 Bxc6 17.axb5 Bxb5 18.c4 $14 )
    16.cxb4 bxa4 17.Nc4 $1 c6 18.Na5 Qc8 19.dxc6 Bxc6 20.Nxc6 Qxc6 21.Bxa4
    $14 )
15...Rxa5 16.Rb1 Ba6 
    ( 16...Qa8 17.axb5 exd4 18.cxd4 Nxe4 19.Nxe4 Bxe4 20.Rxe4 Rxe4 21.Ng5 
    Rh4 22.g3 
        ( 22.Nxf7 $6 Kxf7 23.Bg5 Re4 24.Qf3+ Nf6 25.Bxf6 Re1+ $1 $10 {
        Geller,E-Portisch,L/Portoroz/1973/1/2-1/2/ /} )
    22...Rh6 23.Nxf7 $1 Rxh3 24.d5 $1 Nf6 25.Bf5 Rh5 26.Ng5 Kh8 27.Be6 $40
    )
17.axb5 
    ( 17.d5 Nb6 $5 
        ( 17...Qa8 18.Ba3 c5 19.dxc6 Qxc6 20.Bb4 Rxa4 21.Bxa4 bxa4 22.Ra1 
        Nb6 23.Ba5 Nfd7 $14 {Beliavsky,A-Petrosian,A/URS/1973/} )
    18.Ba3 c5 19.dxc6 d5 20.Bb4 Bxb4 21.cxb4 Rxa4 22.Bxa4 Nxa4 23.Qc2 d4 
    $44 )
17...Rxb5 18.Ra1 
    ( 18.Bb3 c6 $1 
        ( 18...Re7 19.Ra1 $14 )
    19.Qc2 Ra5 $10 {Razuvaev, Y-Smejkal,J/Portoroz/1973/} )
18...Rb6 19.Bb3 h6 20.Ba3 c5 
    ( 20...Bb7 {Matanovic,A-Smejkal,J/Portoroz/1973/1/2-1/2/28/} )
21.dxc5 Nxc5 22.Bxc5 dxc5 23.Bc4 Bb7 24.Qc2 Qc7 25.Ra7 Re7 26.Qa2 Qb8 27.
Ra1 Rd7 28.Bb3 g6 29.Bxf7+ Rxf7 30.Nc4 Re6 31.Ncxe5 Rxe5 32.Nxe5 Bd5 33.
exd5 Rxa7 34.Qxa7 Qxe5 35.Rd1 Ne4 36.Qb6 Bd6 37.Qd8+ Kf7 38.Qd7+ Kf8 39.f4
Qxc3 1/2-1/2

[Event "41st URS-ch"]
[Site "Moscow URS"]
[Date "1973.10.04"]
[Round "3"]
[White "Keres, Paul"]
[Black "Beliavsky, Alexander"]
[Result "1-0"]
[WhiteElo "2580"]
[BlackElo "2450"]
[EventDate "1973.10.02"]
[PlyCount "80"]

1.d4 Nf6 2.c4 e6 3.Nf3 b6 4.e3 Bb7 5.Bd3 Bb4+ 
    ( 5...c5 {Averkin,O (2460) -Beliavsky,A (2450) URS-ch41 Moscow 1973 
    (16) 1/2} )
    ( 5...d5 {La grande variante} )
6.Nbd2 O-O 7.O-O d5 8.a3 Be7 9.b4 c5 10.bxc5 bxc5 11.cxd5 cxd4 12.e4 $1 
exd5 13.e5 Ne4 14.Nxd4 {[%csl Gd4]} 14...Nd7 15.N2f3 Re8 16.e6 $36 fxe6 
17.Nxe6 Qb6 18.Nfg5 Bxg5 19.Nxg5 Ndc5 20.Rb1 $16 Qc7 21.Nxe4 Nxe4 22.Bb2 
Rad8 23.Bd4 Bc8 24.Re1 Qa5 25.Re3 Ba6 26.Qg4 Re7 27.Bxg7 $3 {[%cal 
Gg4e6,Ge6a6,Ge6g8]} 
    ( 27.Bxe4 dxe4 28.Rxe4 
        ( 28.Bf6 {[%cal Gf6e7] tentant mais ... faux!} 28...h5 $1 $17 )
    )
27...Rxg7 28.Qe6+ Rf7 29.Bxa6 Qd2 30.Be2 Rd6 31.Qe5 Rb6 32.Rd1 Qa2 33.Qxd5
Qxd5 34.Rxd5 Nxf2 35.Bf3 Rb2 36.h3 Rc7 37.Kh2 Rb1 $4 38.Rd2 Rf1 39.Ree2 
Nh1 40.Bd5+ Kg7 {Beliavsky va retenir des lecons de ce tournoi difficile 
oÅ il termine dernier car l'année suivante... il remporte le titre Å• 
Leningrad!} 1-0

[Event "41st URS-ch"]
[Site "Moscow URS"]
[Date "1973.10.15"]
[Round "10"]
[White "Geller, Efim"]
[Black "Keres, Paul"]
[Result "1-0"]
[WhiteElo "2605"]
[BlackElo "2580"]
[EventDate "1973.10.02"]
[PlyCount "57"]

1.e4 e5 2.Nf3 Nc6 3.Bb5 a6 4.Ba4 Nf6 5.O-O Be7 6.Re1 d6 
    ( 6...b5 )
7.c3 O-O 8.d4 
    ( 8.h3 Bd7 9.d4 Re8 10.Nbd2 Bf8 $10 )
8...Nd7 
    ( 8...b5 $5 9.Bb3 
        ( 9.Bc2 $5 )
    9...Bg4 )
9.Be3 $14 
    ( 9.Nbd2 Bf6 10.Nf1 Nb6 $10 {/\ Bg4/} )
9...Bf6 10.Nbd2 Re8 
    ( 10...exd4 11.cxd4 Nb6 12.Bc2 $14 )
    ( 10...Nb6 11.Bxc6 bxc6 12.dxe5 $16 )
11.d5 Ne7 12.b4 $1 
    ( 12.c4 c5 $14 )
12...g6 
    ( 12...Ng6 13.g3 )
13.c4 c6 14.Rc1 $16 
    ( 14.c5 $6 dxc5 15.bxc5 
        ( 15.d6 b5 $13 )
    15...cxd5 16.exd5 Nxd5 17.Ne4 Nxe3 18.Rxe3 Bg7 19.Rd3 Re7 $13 )
14...Bg7 $6 
    ( 14...cxd5 15.cxd5 $16 )
15.c5 $1 dxc5 16.bxc5 cxd5 17.exd5 Nxd5 18.Bg5 Ne7 
    ( 18...Bf6 19.Ne4 Bxg5 20.Nfxg5 Ne7 21.Bxd7 Bxd7 22.Qxd7 $18 )
    ( 18...Qa5 19.Nc4 Qxc5 20.Ncxe5 $18 )
19.Ne4 h6 20.Nd6 $1 hxg5 
    ( 20...Rf8 21.Bxe7 $18 )
21.Nxf7 $3 $18 Qa5 
    ( 21...Kxf7 22.Nxg5+ Kf6 
        ( 22...Kg8 23.Bb3+ $18 )
        ( 22...Kf8 23.Ne6+ $18 )
    23.Nh7+ Kf7 24.Bb3+ $18 )
22.N7xg5 Rf8 23.Bxd7 Qxa2 24.Re2 Qa3 
    ( 24...Qd5 25.Rd2 )
25.Re3 Qb4 26.Bxc8 Raxc8 27.Qd7 Nf5 
    ( 27...Rfe8 28.Qe6+ Kh8 29.Nf7+ $18 )
28.Qe6+ Kh8 29.Qxg6 1-0

[Event "41st URS-ch"]
[Site "Moscow URS"]
[Date "1973.10.20"]
[Round "13"]
[White "Beliavsky, Alexander"]
[Black "Spassky, Boris"]
[Result "0-1"]
[WhiteElo "2450"]
[BlackElo "2655"]
[EventDate "1973.10.02"]
[PlyCount "92"]

1.e4 c5 2.Nf3 Nc6 3.d4 cxd4 4.Nxd4 Nf6 5.Nc3 d6 6.Bg5 e6 7.Qd2 a6 8.O-O-O 
Bd7 9.f4 Be7 10.Nf3 b5 11.e5 b4 12.exf6 bxc3 13.Qxc3 gxf6 14.f5 d5 15.fxe6
fxe6 16.Nd4 Qa5 $1 17.Qxa5 Nxa5 18.Bh4 e5 19.Nb3 Nxb3+ 20.axb3 Be6 $15 21.
Be2 O-O 22.Rhf1 a5 23.Bb5 Rac8 24.Bd3 Rc6 25.Bf5 $6 
    ( 25.Kd2 Kg7 26.Ra1 Rfc8 27.c3 $15 )
25...Bxf5 26.Rxf5 Rfc8 $1 $17 27.Rd2 d4 28.Kd1 Rb8 $1 {/\29...a5-a4. Das 
schwarze Bauernzentrum wird bald übermächtig.} 29.g4 h6 30.Rdf2 Rbb6 31.
Kd2 
    ( 31.Kc1 d3 32.c3 Kg7 33.Rd2 Rd6 $17 )
31...a4 32.bxa4 Rxb2 33.Kd3 Kg7 34.Rxe5 $5 fxe5 35.Bxe7 Rc3+ 36.Ke4 d3 37.
Bf6+ Kg8 38.Bxe5 Rb4+ 39.Kd5 Rxc2 40.Rf1 d2 41.Rd1 Rxg4 42.a5 Ra4 43.a6 
Kh7 $1 
    ( 43...Rxa6 44.Bf4 $1 Raa2 45.Bxh6 $10 )
44.Bb8 Ra1 $1 45.a7 Rxd1 46.a8=Q Re1 0-1

[Event "41st URS-ch"]
[Site "Moscow URS"]
[Date "1973.10.24"]
[Round "16"]
[White "Averkin, Orest"]
[Black "Beliavsky, Alexander"]
[Result "1-0"]
[WhiteElo "2460"]
[BlackElo "2450"]
[EventDate "1973.10.02"]
[PlyCount "83"]

1.d4 Nf6 {Alexander Beliavsky Genrikhovich était Å• l'époque un jeune MI 
qui a beaucoup souffert dans ce tournoi et il finit largement dernier. Le 
niveau du tournoi était impressionnant. Smysolov finit par exemple 16Ä�me 
et Bronstein ne pouvait jouer que le tournoi inférieur!} 2.Nf3 b6 
    ( 2...e6 3.c4 b6 4.e3 c5 {L'année suivante, les deux joueurs ont 
    repris le duel théorique sur cette variante et Beliavsky a tenté 
    d'améliorer la position noire en jouant "c5" plus t@s t} 5.Nc3 Be7 6.
    d5 $1 {Averkin,O-Beliavsky,A URS-ch sf Odessa 1974 1-0} )
3.c4 Bb7 
    ( 3...c5 4.Nc3 )
4.e3 e6 5.Bd3 c5 {Essayant d'améliorer sa partie de la ronde 3 contre 
Keres} 
    ( 5...Bb4+ {Keres,P (2580)-Beliavsky,A (2450) URS-ch41 Moscow 1973 (3)
    1-0} )
6.O-O cxd4 7.exd4 Be7 8.Nbd2 
    ( 8.Nc3 {[%cal Gd4d5] La grande variante qui avait valu un défaite 
    cuisante de Beliavsky face Å• Jussupow quelques années plus tard} 8...
    d5 9.cxd5 Nxd5 10.Ne5 O-O 11.Qg4 $36 {[%csl Rg7,Rh7][%cal 
    Gc1h6,Gd3h7];Jussupow,A (2630)-Beliavsky, A (2690) AUT-chT 9899 1998 
    1-0} )
8...O-O 9.b3 d5 10.Bb2 Nc6 11.Rc1 Rc8 12.Qe2 Rc7 $5 {[%cal Gd8a8,Gf8c8] 
Dabs le style hypermoderne, les noirs vont faire pression Å• distance sur 
le centre blanc avec Qb8 et en doublant les R sur la colonne "c"} 13.Rfd1 
Qa8 14.a3 $146 
    ( 14.Qe3 {Filip,M-Sliwa,B Prague tm 1955 (4) 1/2} )
14...a5 15.Rc2 Rfc8 16.Rdc1 Nb8 $5 {[%cal Gb8d7] Avec l'idée de récycler 
le N en d7 afin de permettre l'ouverture de daigonale "a8h1" mais les 
noirs permettent Ne5} 17.Ne5 $1 Nbd7 18.Ndf3 $1 {implique la sacrifice du 
P"g2"} 18...dxc4 {[%cal Gb7g2]} 19.bxc4 Nxe5 20.Nxe5 Bxg2 21.d5 $1 $36 
exd5 22.Kxg2 dxc4+ 23.Qf3 $1 {La pointe!} 23...Qxf3+ 24.Nxf3 {[%cal Gc2c7,
Gd3c4]} 24...b5 25.a4 $1 Rc5 {[%cal Ge7c5,Gc4d3]} 26.Bf1 Nd5 27.Bd4 
    ( 27.axb5 )
27...Nf4+ 28.Kh1 Rf5 29.Bb2 bxa4 30.Rxc4 Rxc4 31.Rxc4 Ne6 32.Rc8+ Nf8 33.
Kg2 a3 34.Ba1 
    ( 34.Bd4 )
34...Rd5 35.Bc4 Rd1 36.Bd4 h5 37.Bb3 Rb1 38.Ba2 $16 {La paire de B est 
trés forte} 38...Rb7 
    ( 38...Rb4 {[%cal Gb4d4]} 39.Rc7 Ng6 40.Bc3 )
39.Ne5 {[%cal Ga2f7,Ge5f7]} 39...Bf6 $6 40.f4 
    ( 40.Nxf7 $142 $3 Rxf7 41.Bc5 {[%csl Rf7][%cal Ga2g8] gagnant le N!} )
40...Bxe5 41.fxe5 Rd7 $4 42.e6 {Je rectifie le score erroné dans la base 
car il s'agissait bien sur de 1-0 et non pas de 0,5-0,5} 1-0